000 00365nam a2200145Ia 4500
008 230917s9999||||xx |||||||||||||| ||und||
040 _e195506
_aMAIN
041 _aEnglish
082 _a338.4791 S48R
100 _aSampson, Charlie
245 0 _aReligious tourism
260 _aNew Delhi
_bDiscovery Publishing Hosue
_c2011
300 _av, 288 p.
942 _cBK
999 _c165149
_d165149